[Event "Kurnosov Memorial Rapid 2019"]
[Site "Chelyabinsk"]
[Date "2019.09.07"]
[Round "5.6"]
[White "Remizov, Yaroslav"]
[Black "Kotsur, Pavel"]
[Result "1/2-1/2"]
[WhiteElo "2354"]
[BlackElo "2528"]
[Annotator "TA"]
[PlyCount "103"]
[EventDate "2019.09.06"]
[EventType "swiss"]
[EventCountry "RUS"]
[SourceTitle "playchess.com"]
[Source "ChessBase"]
[SourceQuality "1"]

{[%evp 12,103,31,30,47,19,70,56,63,34,35,-14,-17,-23,-24,-34,0,0,0,0,0,0,0,-54,-62,-61,-22,-22,-20,-10,-21,-13,-10,-9,-9,-18,0,0,0,0,0,-2,-4,-16,0,-102,0,0,0,0,0,0,0,0,0,0,0,0,0,-4,-2,-19,-19,-19,-19,-19,-19,-19,-19,-19,-19,-19,-19,-19,-19,-19,-19,-19,-19,-19,0,-19,-19,-19,-19,-19,0,0,0,0,0,0,0,0]} 1. e4 c5 2. Nf3 e6 3. d4 cxd4 4. Nxd4 a6 5. c4 Nf6 6. Nc3 Qc7 7. Be2 b6 {B41: Sicilian: Kan Variation: 5 c4} 8. f4 d6 ({Black should try} 8... Bb7 $11) (8... Bb7 9. e5 Ne4 10. Nxe4 Bxe4 11. Bf3 Bb4+ 12. Kf2 Bxf3 13. Qxf3 Nc6 14. Nxc6 dxc6 15. Be3 {½-½ (50) Duda,J (2737)-Yu,Y (2762) Danzhou 2018}) 9. Bf3 {Black must now prevent e5.} Bb7 {White is slightly better.} 10. Qe2 Be7 11. e5 $146 ({Predecessor:} 11. O-O O-O 12. Kh1 Nbd7 13. Bd2 Rfe8 14. Rae1 Nf8 15. e5 N6d7 16. Bxb7 Qxb7 {½-½ (31) Viana,D (2261)-Rebello Velloso,O (2123) Rio de Janeiro 2010}) 11... dxe5 $1 12. fxe5 Nfd7 $1 13. O-O O-O 14. Kh1 Nc6 15. Nxc6 Bxc6 16. Bf4 Rac8 17. Nd5 ({White should play} 17. b3 $11) 17... exd5 $15 18. e6 $1 {[%cal Re6f7]} Bd6 19. exd7 Qxd7 20. Bg4 $1 {[%cal Rg4d7]} f5 21. Bxd6 Qxd6 22. Bxf5 Rce8 $36 {[%mdl 2048] Black fights for an advantage.} 23. Qc2 g6 24. cxd5 Bxd5 25. Bd3 b5 26. Rxf8+ Rxf8 27. a4 Rf4 28. Rf1 {[#]} (28. axb5 $11 Rh4 29. Qc8+ {[%mdl 64] Double Attack} Kg7 30. h3) 28... Rxf1+ ({Much weaker is} 28... bxa4 $6 29. Qc8+ Kf7 30. Qxa6 $11) (28... Rh4 $1 $17 {[%csl Gh4][%cal Rd6h2][%mdl 512]} 29. Qc8+ {[#]} Kg7 $1 {[%mdl 512]}) 29. Bxf1 $11 {[#]The position is equal.} Qf4 $1 {[%cal Rf4f1][%mdl 512]} 30. Qd1 Bc6 31. axb5 axb5 32. h3 Kg7 33. Qe1 b4 34. Bd3 Bd5 35. Qe2 Qf6 36. Be4 Qe5 37. Bf3 Qxe2 38. Bxe2 {[%mdl 4096] Endgame KB-KB} Kf6 39. Kg1 Ke5 40. Kf2 Kd4 41. h4 h6 42. g3 g5 43. hxg5 hxg5 44. Bf1 $1 Be4 45. Ba6 Bd5 46. Bf1 Bc4 {aiming for ...Bxf1.} 47. Bh3 Bb5 48. Bf5 Kc4 {Threatens to win with ...Kb3.} 49. Bc2 Bc6 50. Ke3 Be8 51. Bd1 $1 Bg6 52. Ba4 {Accuracy: White = 68%, Black = 65%.} 1/2-1/2

[Event "Kurnosov Memorial Rapid 2019"]
[Site "Chelyabinsk"]
[Date "2019.09.07"]
[Round "5.7"]
[White "Kostenko, Petr"]
[Black "Sivuk, Vitaly"]
[Result "1/2-1/2"]
[WhiteElo "2472"]
[BlackElo "2559"]
[Annotator "ChessBase"]
[PlyCount "75"]
[EventDate "2019.09.06"]
[EventType "swiss"]
[EventCountry "RUS"]
[SourceTitle "playchess.com"]
[Source "ChessBase"]
[SourceQuality "1"]
[TimeControl "900+10"]

1. c4 {[%emt 0:00:00]} e6 {[%emt 0:00:00]} 2. Nc3 {[%emt 0:00:07]} Nf6 {[%emt 0:00:02]} 3. Nf3 {[%emt 0:00:21]} d5 {[%emt 0:00:04]} 4. e3 {[%emt 0:00:09]} dxc4 {[%emt 0:00:11]} 5. Bxc4 {[%emt 0:00:17]} a6 {[%emt 0:00:03]} 6. b3 {[%emt 0:00:15]} c5 {[%emt 0:00:17]} 7. Bb2 {[%emt 0:00:02]} b5 {[%emt 0:00:09]} 8. Be2 {[%emt 0:00:02]} Bb7 {[%emt 0:00:01]} 9. O-O {[%emt 0:00:55]} Be7 {[%emt 0:00:06]} 10. a4 {[%emt 0:00:04]} b4 {[%emt 0:00:03]} 11. Nb1 {[%emt 0:00:01]} O-O {[%emt 0:00:16]} 12. Qc2 {[%emt 0:00:08]} Nbd7 {[%emt 0:00:43]} 13. g3 {[%emt 0:00:17]} Rc8 {[%emt 0:00:42]} 14. d3 {[%emt 0:00:01]} Rc7 {[%emt 0:00:16]} 15. Nbd2 {[%emt 0:00:02]} Qa8 {[%emt 0:00:02]} 16. e4 {[%emt 0:00:17]} Rd8 {[%emt 0:00:22]} 17. Nc4 {[%emt 0:00:13]} Ne8 {[%emt 0:00:24]} 18. Nfe5 {[%emt 0:00:16]} Qa7 {[%emt 0:01:10]} 19. f4 {[%emt 0:00:31]} f6 {[%emt 0:01:53]} 20. Nxd7 {[%emt 0:00:23]} Rcxd7 {[%emt 0:00:03]} 21. Rad1 {[%emt 0:01:23]} a5 {[%emt 0:01:27]} 22. Bg4 {[%emt 0:05:32]} Nc7 {[%emt 0:00:07]} 23. f5 {[%emt 0:01:08]} e5 {[%emt 0:00:24]} 24. Be2 {[%emt 0:00:03]} Ne8 {[%emt 0:02:34]} 25. g4 Nd6 {[%emt 0:00:05]} 26. g5 {[%emt 0:00:07]} Nxc4 {[%emt 0:00:10]} 27. dxc4 {[%emt 0:00:21]} Rxd1 {[%emt 0:00:53]} 28. Rxd1 {[%emt 0:00:35]} Rxd1+ {[%emt 0:00:03]} 29. Bxd1 {[%emt 0:00:01]} Qa8 {[%emt 0:00:09]} 30. Bf3 {[%emt 0:00:02]} Qd8 {[%emt 0:00:06]} 31. g6 {[%emt 0:01:57]} h6 {[%emt 0:05:39]} 32. Kf2 {[%emt 0:01:04]} Qd6 {[%emt 0:00:02]} 33. Bc1 {[%emt 0:00:29]} Bc6 {[%emt 0:00:11]} 34. Be3 {[%emt 0:00:03]} Bf8 {[%emt 0:00:02]} 35. Be2 {[%emt 0:00:16]} Bb7 {[%emt 0:00:03]} 36. Bd3 {[%emt 0:00:13]} Bc6 {[%emt 0:00:03]} 37. Ke2 {[%emt 0:00:01]} Bb7 {[%emt 0:00:01]} 38. Qd1 {[%emt 0:00:23]} 1/2-1/2

[Event "Kurnosov Memorial Rapid 2019"]
[Site "Chelyabinsk"]
[Date "2019.09.07"]
[Round "5.8"]
[White "Yakovich, Yuri"]
[Black "Meister, Jakob"]
[Result "1-0"]
[WhiteElo "2518"]
[BlackElo "2410"]
[Annotator "ChessBase"]
[PlyCount "85"]
[EventDate "2019.09.06"]
[EventType "swiss"]
[EventCountry "RUS"]
[SourceTitle "playchess.com"]
[Source "ChessBase"]
[SourceQuality "1"]
[TimeControl "900+10"]

1. d4 {[%emt 0:00:00]} e6 {[%emt 0:00:00]} 2. c4 {[%emt 0:00:00]} Bb4+ {[%emt 0:00:00]} 3. Bd2 {[%emt 0:00:00]} Bxd2+ {[%emt 0:00:00]} 4. Qxd2 {[%emt 0:00:02]} Nf6 {[%emt 0:00:00]} 5. Nc3 {[%emt 0:00:03]} d5 {[%emt 0:00:00]} 6. e3 {[%emt 0:00:05]} O-O {[%emt 0:00:02]} 7. Nf3 {[%emt 0:00:07]} Qe7 {[%emt 0:00:02]} 8. Rc1 {[%emt 0:00:30]} Rd8 {[%emt 0:00:02]} 9. cxd5 {[%emt 0:00:02]} exd5 {[%emt 0:00:02]} 10. Bd3 {[%emt 0:00:02]} c6 {[%emt 0:01:14]} 11. O-O {[%emt 0:00:03]} Nbd7 {[%emt 0:00:07]} 12. a3 {[%emt 0:00:14]} a5 {[%emt 0:00:04]} 13. h3 {[%emt 0:00:53]} Ne4 {[%emt 0:01:19]} 14. Qc2 {[%emt 0:00:02]} f5 {[%emt 0:00:03]} 15. Na4 {[%emt 0:01:38]} Rf8 {[%emt 0:01:57]} 16. Nd2 {[%emt 0:01:32]} Qg5 {[%emt 0:01:01]} 17. f4 {[%emt 0:00:22]} Qd8 {[%emt 0:00:24]} 18. Nf3 {[%emt 0:00:10]} Kh8 {[%emt 0:02:00]} 19. Kh2 {[%emt 0:00:18]} Ndf6 {[%emt 0:00:42]} 20. Ne5 {[%emt 0:00:11]} Nh5 {[%emt 0:00:22]} 21. Qd1 {[%emt 0:01:49]} g6 {[%emt 0:01:36]} 22. Qe1 {[%emt 0:00:30]} Be6 {[%emt 0:01:07]} 23. Nc5 {[%emt 0:00:08]} Qe7 {[%emt 0:01:07]} 24. Rg1 {[%emt 0:01:12]} Nxc5 {[%emt 0:03:15]} 25. Rxc5 {[%emt 0:00:28]} a4 {[%emt 0:00:03]} 26. g4 {[%emt 0:01:02]} Ng7 {[%emt 0:00:21]} 27. Rc2 {[%emt 0:00:37]} Kg8 {[%emt 0:00:54]} 28. g5 {[%emt 0:02:55]} Bf7 {[%emt 0:00:15]} 29. h4 {[%emt 0:00:02]} Be8 {[%emt 0:00:18]} 30. Be2 {[%emt 0:00:22]} Ne6 {[%emt 0:00:13]} 31. h5 {[%emt 0:01:05]} c5 {[%emt 0:00:48]} 32. dxc5 {[%emt 0:00:14]} Rc8 {[%emt 0:00:19]} 33. Bf3 {[%emt 0:01:00]} d4 {[%emt 0:00:38]} 34. Bd5 {[%emt 0:00:23]} Rd8 {[%emt 0:00:00]} 35. Bc4 {[%emt 0:00:30]} Kh8 {[%emt 0:00:03]} 36. hxg6 {[%emt 0:00:10]} Bxg6 {[%emt 0:00:02]} 37. Nxg6+ {[%emt 0:00:53]} hxg6 38. Qh4+ Kg8 {[%emt 0:00:09]} 39. Qh6 {[%emt 0:00:06]} Qf7 {[%emt 0:00:19]} 40. Kg3 {[%emt 0:00:07]} Rfe8 {[%emt 0:00:01]} 41. Rh1 {[%emt 0:00:20]} Qg7 {[%emt 0:00:01]} 42. Rch2 {[%emt 0:00:16]} Qxh6 {[%emt 0:00:38]} 43. Rxh6 {[%emt 0:00:01]} 1-0

[Event "Kurnosov Memorial Rapid 2019"]
[Site "Chelyabinsk"]
[Date "2019.09.07"]
[Round "5.9"]
[White "Mirzoev, Azer"]
[Black "Zhalmakhanov, Ramazan"]
[Result "1-0"]
[WhiteElo "2502"]
[BlackElo "2342"]
[Annotator "TA"]
[PlyCount "141"]
[EventDate "2019.09.06"]
[EventType "swiss"]
[EventCountry "RUS"]
[SourceTitle "playchess.com"]
[Source "ChessBase"]
[SourceQuality "1"]

{[%evp 13,141,0,0,8,13,0,0,-9,0,-25,20,25,38,20,27,27,21,20,19,19,19,19,20,20,20,23,27,28,28,28,28,28,28,28,30,27,33,34,26,33,97,0,0,0,0,0,24,13,13,13,26,20,102,39,72,75,98,92,162,120,625,641,605,448,720,232,229,229,216,154,153,145,513,499,814,812,779,771,767,763,865,759,833,691,1303,787,777,0,1793,744,1453,686,677,682,735,702,675,677,600,565,863,859,843,790,1256,994,5355,4541,5373,5189,2633,4822,5065,3730,5097,2882,3156,2989,2257,2136,1733,1012,1004,858,855,771,936,920,1801,945]} 1. d4 Nf6 2. c4 e6 3. Nf3 Bb4+ 4. Nbd2 O-O 5. a3 Be7 6. e3 d5 7. b4 a5 8. b5 {E11: Bogo-Indian} c5 9. bxc6 bxc6 10. c5 {The position is equal.} Nbd7 11. Bb2 Qc7 (11... e5 $5) 12. Qc2 h6 $146 ({Predecessor:} 12... e5 13. dxe5 Ng4 14. Bd3 {1-0 (52) Kozul,Z (2640)-Leventic,I (2502) Zagreb 2004}) 13. h3 Rb8 14. Be2 Qa7 15. O-O Ba6 16. Bxa6 Qxa6 17. a4 Bd8 18. Bc3 Bc7 19. Rab1 Rfe8 20. Rxb8 Rxb8 21. Rb1 Rxb1+ 22. Qxb1 Kf8 23. g3 Ke8 24. Kg2 Kd8 25. Qf1 Qb7 26. Qd3 g6 (26... Ke8 $14) 27. Ne1 (27. e4 $16) 27... e5 $11 28. Nc2 e4 29. Qf1 Nb8 30. Na1 $36 {[%mdl 2048] White is more active.} Na6 31. Qb1 Qa8 32. Nc2 Ke7 {[#]} (32... Kc8 $11 {remains equal.}) 33. Qb2 ({White should try} 33. Nb3 $1 $16) 33... Nh5 34. Nb3 Qd8 35. Qc1 f5 (35... Kd7 $16) 36. Qe1 g5 $2 {[%mdl 8192]} (36... Qb8 $16 37. Nxa5 Qa8) 37. Qe2 $18 {[%mdl 64] Double Attack} Qb8 38. Nd2 ({Weaker is} 38. Qxh5 Qxb3 39. Qxh6 Qxc3 $11) 38... Nxg3 (38... Nb4 $142 39. Qxh5 Nxc2 40. Qxh6 Kd7 41. Qg7+ Kc8 42. Qxg5 Ne1+ 43. Kf1 Nd3 44. Qxf5+ Kb7) 39. fxg3 $2 (39. Qxa6 f4 40. fxg3 f3+ 41. Kf1) 39... Nb4 40. Bxb4 axb4 {[%cal Ba5b4,Bb4b3][%mdl 32]} 41. Qh5 b3 {[#]} 42. Na3 $1 ({Not} 42. Qxh6 bxc2 43. Qxg5+ Kf7 $11) 42... Bxg3 $2 {[%mdl 8192]} (42... Ba5 $16 {is a better chance.}) 43. Qxh6 Be1 (43... Bh4 $142 44. Qd6+ {[%mdl 64] Deflection} Qxd6 45. cxd6+ Kxd6 46. Nxb3 Kc7) 44. Qd6+ {[%mdl 64] Deflection} Qxd6 45. cxd6+ Kxd6 46. Nxb3 f4 47. Nc2 Bc3 48. Kf2 Kc7 49. Nc5 Kb6 50. Nb3 $2 ({Better is} 50. exf4 $18 gxf4 51. Nb3) 50... Ka6 $2 {[%mdl 8192]} (50... Kc7 $11 51. exf4 gxf4) 51. Ke2 (51. exf4 $142 e3+ 52. Nxe3 gxf4 53. Nf5) 51... Kb6 52. Na3 (52. exf4 $142 gxf4 53. h4) 52... Bb4 53. Nb1 Ka6 54. N1d2 Kb6 55. Nf1 Bd6 56. Nh2 Ka6 57. Ng4 Kb7 58. Ne5 Bc7 59. Nf7 f3+ 60. Kf2 Kb6 61. Nxg5 Bd8 62. Ne6 Bh4+ 63. Kf1 Ka6 64. Nf4 Bg5 65. Kg1 Kb6 66. Kf2 Bh4+ 67. Kf1 Bg5 68. Ke1 Bh4+ 69. Kd2 Be7 70. Ng6 Bb4+ 71. Kd1 {Accuracy: White = 60%, Black = 29%.} 1-0

[Event "Kurnosov Memorial Rapid 2019"]
[Site "Chelyabinsk"]
[Date "2019.09.07"]
[Round "5.10"]
[White "Stupak, Kirill"]
[Black "Lobanov, Sergei"]
[Result "0-1"]
[WhiteElo "2551"]
[BlackElo "2515"]
[Annotator "ChessBase"]
[PlyCount "70"]
[EventDate "2019.09.06"]
[EventType "swiss"]
[EventCountry "RUS"]
[SourceTitle "playchess.com"]
[Source "ChessBase"]
[SourceQuality "1"]
[TimeControl "900+10"]

1. d4 {[%emt 0:00:00]} Nf6 {[%emt 0:00:00]} 2. g3 {[%emt 0:00:00]} d5 {[%emt 0:00:00]} 3. Nf3 {[%emt 0:00:00]} g6 4. Bg2 {[%emt 0:00:00]} Bg7 {[%emt 0:00:37]} 5. O-O {[%emt 0:00:03]} O-O {[%emt 0:00:03]} 6. c4 {[%emt 0:00:01]} c6 {[%emt 0:00:05]} 7. b3 {[%emt 0:00:06]} Bf5 {[%emt 0:00:39]} 8. Bb2 {[%emt 0:00:03]} a5 {[%emt 0:00:16]} 9. Nbd2 {[%emt 0:00:46]} a4 {[%emt 0:00:33]} 10. e3 {[%emt 0:00:52]} Nbd7 {[%emt 0:00:39]} 11. Nh4 {[%emt 0:01:07]} Bd3 {[%emt 0:01:35]} 12. Re1 {[%emt 0:00:04]} Qb6 {[%emt 0:00:37]} 13. Qc1 {[%emt 0:03:30]} Qa5 {[%emt 0:00:40]} 14. Nhf3 {[%emt 0:02:50]} b5 {[%emt 0:00:57]} 15. b4 {[%emt 0:02:35]} Qxb4 {[%emt 0:02:43]} 16. Ba3 {[%emt 0:00:02]} Qa5 {[%emt 0:00:01]} 17. Bxe7 {[%emt 0:00:02]} Rfe8 {[%emt 0:02:55]} 18. Bxf6 {[%emt 0:00:02]} Nxf6 {[%emt 0:00:29]} 19. c5 {[%emt 0:00:24]} Ne4 {[%emt 0:00:14]} 20. Nxe4 {[%emt 0:01:14]} Bxe4 {[%emt 0:00:07]} 21. Nd2 {[%emt 0:00:07]} Bf5 {[%emt 0:00:07]} 22. h3 {[%emt 0:00:15]} b4 {[%emt 0:00:12]} 23. Bf1 {[%emt 0:00:22]} h5 {[%emt 0:00:55]} 24. Nf3 Reb8 {[%emt 0:00:52]} 25. Nd2 {[%emt 0:01:13]} Ra7 {[%emt 0:00:41]} 26. Kh2 {[%emt 0:00:20]} Qc7 {[%emt 0:00:12]} 27. Qb2 {[%emt 0:00:17]} h4 {[%emt 0:00:05]} 28. Kg2 {[%emt 0:00:16]} hxg3 {[%emt 0:00:02]} 29. fxg3 {[%emt 0:00:01]} Qe7 {[%emt 0:00:07]} 30. Rac1 {[%emt 0:01:34]} Qg5 {[%emt 0:00:16]} 31. g4 {[%emt 0:00:51]} Re7 {[%emt 0:00:27]} 32. Kf2 {[%emt 0:00:43]} Qh4+ {[%emt 0:01:10]} 33. Kg1 {[%emt 0:00:10]} Qg3+ {[%emt 0:00:10]} 34. Bg2 {[%emt 0:00:01]} Rxe3 {[%emt 0:00:11]} 35. Nf1 {[%emt 0:00:15]} Rxe1 {[%emt 0:00:04]} 0-1

[Event "Kurnosov Memorial Rapid 2019"]
[Site "Chelyabinsk"]
[Date "2019.09.07"]
[Round "6.1"]
[White "Bocharov, Dmitry"]
[Black "Movsesian, Sergei"]
[Result "0-1"]
[WhiteElo "2519"]
[BlackElo "2654"]
[Annotator "TA"]
[PlyCount "70"]
[EventDate "2019.09.06"]
[EventType "swiss"]
[EventCountry "RUS"]
[SourceTitle "playchess.com"]
[Source "ChessBase"]
[SourceQuality "1"]

{[%evp 20,70,24,33,27,24,16,18,38,34,39,35,35,38,29,22,29,3,12,3,37,18,38,25,25,0,21,6,31,27,43,41,93,102,91,9,17,-63,-69,-66,-59,-396,-396,-379,-395,-795,-780,-795,-782,-762,-629,-592,-585]} 1. c4 e5 2. d3 Nf6 3. Nf3 d6 4. Nc3 g6 5. g3 Bg7 6. Bg2 O-O 7. O-O Nc6 8. Rb1 a5 9. a3 h6 10. b4 axb4 11. axb4 Bg4 {A26: English Opening vs King's Indian with ...Nc6 and d3} 12. h3 Be6 13. e4 {[#]} Nh7 $146 {The position is equal.} ({Predecessor:} 13... Ne8 14. Nd5 Qd7 15. b5 Ne7 16. Kh2 Nc8 17. d4 c6 18. Ne3 Qc7 19. Bb2 cxb5 20. cxb5 {1-0 (48) Anastasian,A (2588)-Fedorov,A (2599) Moscow 2001}) 14. b5 Ne7 15. Kh2 c6 16. bxc6 bxc6 17. Rb7 Bc8 18. Rb3 Be6 19. Re1 Qd7 20. Be3 f5 21. exf5 Nxf5 22. Bd2 Rf7 23. Qb1 Raf8 24. Rb8 Qa7 25. Rb6 Qd7 ({Better is} 25... Bc8 $14) 26. Ne4 $1 $16 Nf6 {[#]} 27. Nxf6+ (27. Nxd6 $1 $16 {[%mdl 512]} Qxd6 28. Bb4) 27... Bxf6 $11 28. c5 (28. Rb8 $11) 28... Bd5 $15 {aiming for ...Bd8.} 29. cxd6 Bg7 $1 $36 {[%mdl 2048] Black has good play.} 30. Rf1 $2 {[%mdl 8192] [#]} ({Don't blunder} 30. Nxe5 $2 Bxe5 31. Bxd5 cxd5 $19) (30. Rb8 $1 $15) 30... Nd4 $1 $19 ({Less strong is} 30... Nxd6 31. Nh4 $17) 31. Nxd4 {Strongly threatening Bxd5.} Rxf2 {[%mdl 64] Double Attack} 32. Nf3 $2 ({Not} 32. Rxf2 $2 Rxf2 33. Qf1 (33. Rb8+ $2 Kh7 $19) 33... Rxf1 $19) (32. Rg1 Rxd2 33. Nc2) 32... R8xf3 {Black is clearly winning.} 33. Rb8+ {[#]} Kh7 $1 {[%mdl 512] ( -> ...Rxg2+)} 34. Rb7 Rxg2+ 35. Kxg2 Rf7+ {Accuracy: White = 40%, Black = 49%.} 0-1

[Event "Kurnosov Memorial Rapid 2019"]
[Site "Chelyabinsk"]
[Date "2019.09.07"]
[Round "6.2"]
[White "Romanov, Evgeny"]
[Black "Mirzoev, Azer"]
[Result "1/2-1/2"]
[WhiteElo "2579"]
[BlackElo "2502"]
[Annotator "ChessBase"]
[PlyCount "43"]
[EventDate "2019.09.06"]
[EventType "swiss"]
[EventCountry "RUS"]
[SourceTitle "playchess.com"]
[Source "ChessBase"]
[SourceQuality "1"]
[TimeControl "900+10"]

1. d4 {[%emt 0:00:00]} d5 {[%emt 0:00:00]} 2. Nf3 {[%emt 0:00:00]} Nf6 {[%emt 0:00:00]} 3. Bg5 {[%emt 0:00:00]} e6 {[%emt 0:00:09]} 4. e3 {[%emt 0:00:00]} h6 {[%emt 0:00:04]} 5. Bh4 {[%emt 0:00:01]} Be7 {[%emt 0:00:06]} 6. Bd3 {[%emt 0:00:03]} O-O {[%emt 0:00:26]} 7. Nbd2 {[%emt 0:00:02]} c5 {[%emt 0:00:03]} 8. c3 {[%emt 0:00:02]} b6 {[%emt 0:00:01]} 9. O-O {[%emt 0:00:19]} Ba6 {[%emt 0:00:01]} 10. Bxa6 {[%emt 0:00:17]} Nxa6 {[%emt 0:00:02]} 11. Ne5 {[%emt 0:00:04]} Nb8 {[%emt 0:00:05]} 12. f4 {[%emt 0:00:19]} Nfd7 {[%emt 0:00:15]} 13. Bxe7 {[%emt 0:00:59]} Qxe7 {[%emt 0:00:02]} 14. Ndf3 {[%emt 0:00:24]} Nxe5 {[%emt 0:00:31]} 15. Nxe5 {[%emt 0:01:09]} Nd7 {[%emt 0:00:10]} 16. Qa4 {[%emt 0:00:02]} Nf6 {[%emt 0:01:50]} 17. f5 {[%emt 0:00:05]} Ne4 {[%emt 0:00:43]} 18. Rf4 {[%emt 0:00:37]} exf5 {[%emt 0:00:27]} 19. Rxf5 {[%emt 0:00:07]} Qe6 {[%emt 0:00:11]} 20. Raf1 {[%emt 0:00:12]} Nd6 {[%emt 0:04:23]} 21. R5f3 {[%emt 0:00:02]} Nc4 {[%emt 0:01:46]} 22. Nxc4 {[%emt 0:05:26]} 1/2-1/2

[Event "Kurnosov Memorial Rapid 2019"]
[Site "Chelyabinsk"]
[Date "2019.09.07"]
[Round "6.3"]
[White "Belyakov, Bogdan"]
[Black "Drygalov, Andrey"]
[Result "1/2-1/2"]
[WhiteElo "2495"]
[BlackElo "2499"]
[Annotator "TA"]
[PlyCount "94"]
[EventDate "2019.09.06"]
[EventType "swiss"]
[EventCountry "RUS"]
[SourceTitle "playchess.com"]
[Source "ChessBase"]
[SourceQuality "1"]

{[%evp 19,94,22,15,7,0,0,16,0,0,0,5,0,0,0,0,0,0,0,0,0,0,0,0,0,0,0,0,0,12,0,22,0,28,19,34,14,20,40,79,38,42,34,44,13,15,17,99,93,127,131,169,118,133,66,77,97,96,0,15,17,24,0,0,0,0,0,0,0,0,0,0,0,0,0,0,0,0]} 1. e4 c5 2. c3 Nf6 3. e5 Nd5 4. Bc4 e6 5. Nf3 Nc6 6. O-O d6 7. d4 cxd4 8. cxd4 Be7 9. Qe2 O-O 10. Rd1 Na5 11. b3 {B22: Sicilian: 2 c3} (11. Bxd5 exd5 12. Nc3 Be6 13. Bf4 a6 14. h3 Re8 15. exd6 Bxd6 16. Bxd6 Qxd6 17. Qe5 Nc4 18. Qxd6 Nxd6 {½-½ (32) Nisipeanu,L (2672)-Grischuk,A (2785) Heraklio 2017}) 11... Bd7 12. Bxd5 exd5 13. Nc3 Be6 14. Ba3 a6 15. h3 Nc6 16. Rac1 Re8 {[#]} 17. exd6 $146 ({Predecessor:} 17. Qd2 Rc8 18. exd6 Bxd6 19. Bxd6 Qxd6 {1-0 (61) Degraeve,J (2586)-Favarel,A (2376) Agen 2016}) 17... Bxd6 18. Bxd6 Qxd6 19. Qd2 f6 20. Na4 Re7 21. Re1 Rae8 22. Nc5 Bc8 23. Rxe7 Rxe7 24. b4 Bf5 25. a3 Be4 26. Nh2 Bg6 27. Nf1 f5 28. Qc3 Be8 29. Ne3 g6 30. a4 f4 31. Ng4 h5 32. Nh2 Nd8 (32... g5 $1 $11 {remains equal.}) 33. Nf3 $16 Nf7 34. Re1 Rxe1+ 35. Qxe1 Bc6 36. Ne5 (36. Qe2 $16) 36... Nxe5 $14 37. dxe5 Qe7 {[#]} 38. a5 ({White should play} 38. Qc3 $1 $16) 38... d4 (38... f3 $5) 39. f3 g5 40. e6 Qf6 {The position is equal.} 41. Qe2 Kf8 42. Nd7+ Bxd7 $1 43. exd7 Qe7 {[%mdl 64] [#] Double Attack} 44. Qc4 Qxd7 {White must now prevent ...d3.} 45. Qc5+ Qe7 {And now ...Qxc5 would win.} 46. Qxd4 Qe1+ 47. Kh2 {Threatens to win with Qf6+.} Qg3+ {Accuracy: White = 52%, Black = 66%.} 1/2-1/2

[Event "Kurnosov Memorial Rapid 2019"]
[Site "Chelyabinsk"]
[Date "2019.09.07"]
[Round "6.4"]
[White "Lobanov, Sergei"]
[Black "Yakovich, Yuri"]
[Result "1/2-1/2"]
[WhiteElo "2515"]
[BlackElo "2518"]
[Annotator "TA"]
[PlyCount "88"]
[EventDate "2019.09.06"]
[EventType "swiss"]
[EventCountry "RUS"]
[SourceTitle "playchess.com"]
[Source "ChessBase"]
[SourceQuality "1"]

{[%evp 11,88,10,26,17,13,15,3,0,0,0,0,0,-10,0,0,0,0,0,0,0,12,-7,-7,-25,-13,-14,-18,-25,0,0,0,0,0,0,24,21,24,25,8,0,0,0,0,0,0,0,0,0,0,0,0,0,0,-3,-3,-3,-3,-3,0,-39,-3,-45,-45,-55,-30,-27,0,0,0,0,0,-58,-16,-33,0,0,0,0,0]} 1. e4 c5 2. Nf3 e6 3. d4 cxd4 4. Nxd4 a6 5. Nc3 d6 6. Be3 b5 7. g3 {B54: Sicilian: 2...d6 3 d4 cxd4 4 Nxd4, Unusual Lines} (7. Qd2 Bb7 8. f3 Nf6 9. a4 b4 10. Na2 a5 11. Bb5+ Nbd7 12. O-O Be7 13. c3 bxc3 14. Nxc3 O-O 15. Nc6 Bxc6 16. Bxc6 Rc8 17. Bb5 {½-½ (93) Grischuk,A (2766)-Duda,J (2737) chess.com INT 2018}) 7... Bb7 8. Bg2 Nf6 9. a3 $146 ({Predecessor:} 9. Bg5 Be7 10. f3 O-O 11. Qd2 Nbd7 12. O-O-O Ne8 13. Be3 Rc8 14. h4 b4 {0-1 (28) Monpeurt,C (1250)-Thaly,T (1510) Reims 2004}) 9... Be7 10. O-O Qc7 11. Qe2 O-O 12. f4 Nc6 13. Nb3 Nd7 14. Qf2 Na5 15. Nxa5 Qxa5 16. Rfd1 Rac8 17. h3 Qc7 18. Rd2 Bc6 19. Rad1 a5 20. e5 {[%cal Re5d6]} d5 21. Ne2 b4 22. axb4 Bxb4 23. c3 Be7 24. Nd4 {c4! is the strong threat.} Bb7 25. Nb5 Qb8 26. Na7 Rc4 27. Bf1 Re4 {[#] And now ...Rxe3! would win.} 28. Nb5 $1 Ba6 $1 {[%cal Ra6b5]} 29. Nd4 Bxf1 30. Nc6 Qe8 31. Rxf1 Bd8 32. Nxd8 Qxd8 33. Bd4 Qc7 34. Ra1 Rb8 35. Rdd1 h6 36. Re1 Rxe1+ 37. Rxe1 a4 38. f5 exf5 39. e6 fxe6 40. Rxe6 {[#] Threatens to win with Re7!} Nf8 41. Be5 ({Better is} 41. Ra6 $11) 41... Qf7 {Hoping for ...Rxb2.} 42. Ra6 Re8 43. Ra7 Re7 44. Rxe7 Qxe7 {Accuracy: White = 76%, Black = 80%.} 1/2-1/2